Statistics for WWE Champions by Year - 2015

Click here to take the quiz!

General Stats

  • This quiz has been taken 110 times
  • The average score is 19 of 22

Answer Stats

TitleDateEventWrestler% Correct
WWE World HeavyweightMarch 29WrestleMania 31Seth Rollins
100%
United StatesAugust 23SummerSlamSeth Rollins
100%
WWE World HeavyweightDecember 14RawRoman Reigns
99%
WWE World HeavyweightNovember 22Survivor SeriesRoman Reigns
99%
WWE Tag TeamAugust 23SummerSlamBig E
97%
WWE Tag TeamApril 26Extreme RulesBig E
97%
WWE Tag TeamAugust 23SummerSlamKofi Kingston
97%
WWE Tag TeamApril 26Extreme RulesKofi Kingston
97%
IntercontinentalMarch 29WrestleMania 31Daniel Bryan
96%
United StatesSeptember 20Night of ChampionsJohn Cena
96%
United StatesMarch 29WrestleMania 31John Cena
96%
WWE World HeavyweightNovember 22Survivor SeriesSheamus
93%
Diva'sSeptember 20Night of ChampionsCharlotte
92%
IntercontinentalDecember 13TLCDean Ambrose
92%
United StatesOctober 25Hell in a CellAlberto Del Rio
84%
IntercontinentalSeptember 20Night of ChampionsKevin Owens
84%
IntercontinentalJanuary 5RawBad News Barrett
80%
IntercontinentalMay 31Elimination ChamberRyback
77%
WWE Tag TeamFebruary 22FastlaneCesaro
76%
WWE Tag TeamFebruary 22FastlaneTyson Kidd
70%
WWE Tag TeamJune 14Money in the BankDarren Young
62%
WWE Tag TeamJune 14Money in the BankTitus O'Neil
62%

Score Distribution

Percentile by Number Answered

Percent of People with Each Score

Your Score History

You have not taken this quiz